Key factors that influence task allocation in global software development (Record no. 347623)
[ view plain ]
| 000 -LEADER | |
|---|---|
| fixed length control field | 00481nam a2200133Ia 4500 |
| 008 - FIXED-LENGTH DATA ELEMENTS--GENERAL INFORMATION | |
| fixed length control field | 171207s9999 xx 000 0 und d |
| 100 ## - MAIN ENTRY--PERSONAL NAME | |
| Personal name | Mahmood, Sajjad |
| 245 ## - TITLE STATEMENT | |
| Title | Key factors that influence task allocation in global software development |
| 245 ## - TITLE STATEMENT | |
| Statement of responsibility, etc | Sajjad Mahmood, Sajid Anwer, Mahmood Niazi, Mohammad Alshayeb, Ita Richardson |
| 260 ## - PUBLICATION, DISTRIBUTION, ETC. (IMPRINT) | |
| Date of publication, distribution, etc | 2017 |
| 300 ## - PHYSICAL DESCRIPTION | |
| Extent | pages 102-122, April 2017 |
| 440 ## - SERIES STATEMENT/ADDED ENTRY--TITLE | |
| Title | Information and Software Technology |
| Volume number/sequential designation | 91: |
| 650 ## - SUBJECT ADDED ENTRY--TOPICAL TERM | |
| Topical term or geographic name as entry element | SOFTWARE TECHNLOGY |
| Withdrawn status | Lost status | Damaged status | Home library | Current library | Date acquired | Total Checkouts | Date last seen | Price effective from | Koha item type |
|---|---|---|---|---|---|---|---|---|---|
| College Library | College Library | 12/07/2017 | 12/07/2017 | 12/07/2017 | Periodicals |